000 02434ncm0a22004211 4500
001 RU\NLR\ONIZ\219055
005 20250626084955.0
013 _a979-0-706354-70-5
021 _aRU
_b16-335н
_916-22н
035 _aRU\NLR\ONIZ\Таня\5000005049\20170705151915
035 _a(NLR Aleph) 011534627
090 _a12162210
_c12162210
100 _a20170705d2016 |||y0rusy50 ca
101 0 _arus
102 _aRU
145 0 _ab
200 1 _aПроизведения для домры и балалайки в сопровождении баяна
_bНоты
_eучеб. пособие
_eдля студентов сред. спец. и высш. му. учеб. заведений
_fперелож. для баяна, сост. А. Д. Хамидуллин
208 _a[Партитура]
210 _aКазань
_cКазан. гос. консерватория
_d2016
215 _a55 с.
_d29 см
300 _aНа с. 3-5: предисл.
300 _aНа с. 6-8: крат. сведения о композиторах
300 _aНа с. 9-11: метод. рекомендации
313 _aСистематизация документа проведена по изданию - Методика классифицирования музыкальных произведений (нотных изданий) по таблицам Библиотечно-библиографических классификаций : метод. рекомендации / Гос. б-ка СССР им. В.И. Ленина.- М., 1977. Индексу ББК методических рекомендаций присваивается код ББК для научных библиотек - LBC/SL
606 1 _aПроизведения для домры и баяна
_jНоты
_2nlr_sh
606 1 _aПроизведения для балалайки и баяна
_yРоссия
_jНоты
_2nlr_sh
686 _aЩ956.79-46-095я43(2Р)
_vLBC/SL
_2rubbk
686 _aЩ956.89-46-095я43
_vLBC/SL
_2rubbk
700 1 _9z01790
_aХамидуллин
_bА. Д.
_gАзат Дамирович
_4220
790 1 _9z01700
_aXamidullin
_bA. D.
_gAzat Damirovich
_4220
801 0 _aRU
_bNLR
_c20170705
_gPSBO
801 1 _aRU
_bNLR
_c20170705
_2rusmarc
801 2 _aRU
_bNLR
_c20170705
852 _aNLR
_bМ
_jК-3/28560
_pМОЭ 2016-22н/335н (2 экз.)
_t1
942 _cSCORE
980 _aNB
980 _aONIZ